县级行政区知识问答#23 渭源县 Weiyuan Multiple-choice - Statistics

General Stats
  • This quiz has been taken 4 times
  • The average score is 7 of 10
Answer Stats
Question Answer % Correct
渭源县因哪条河流而得名? 渭河
100%
渭源县传统节庆“二月二”节当天,当地人会吃什么? 炒蚕豆
100%
渭源县的哪项特产被列为中国驰名商标? 渭源白条党参
100%
渭源县的哪座山因伯夷叔齐采薇隐居而闻名? 首阳山
100%
渭源县隶属于甘肃省的哪个地级市? 定西市
75%
渭源县在汉代初期的县名是? 首阳县
75%
渭源县境内发现的史前文化遗址不包括? 三星堆文化
75%
渭源县境内的“品字泉”位于哪座山? 鸟鼠山
25%
渭源县哪座古桥被称为“千里渭河第一桥”? 灞陵桥
25%
渭源县的“天井峡”属于哪种地貌类型? 丹霞地貌
25%
No matching quizzes found
Score Distribution
Percent of People with Each Score
Percentile by Number Answered
Your Score History
You have not taken this quiz